01223cam a2200313 i 4500001000500000005001700005020001800022040005200040050002100092082001000113100003100123245007800154246001600232260005900248300005700307490003600364505000800400520011100408521002000519521002000539650003200559650004400591655003200635700003200667906004500699942001500744999001500759952013500774162020231204103659.0 a9781931636490 aYDXbengcYDXerdadOCPdOCLCFdCLEdOCLCOdDLC00aPZ7.C76982b200904a302.31 aCook, Juliad1964-eauthor10aBully B.E.A.N.S. /cwritten by Julia Cook ; illustrations by Tammie Lyon.3 aBully BEANS aChattanooga :bNational Center for Youth Issues,c2009 a30 unnumbered pages : bcolor illustrations c21 cm  aNational center for youth issue aM  aAn illustrated tale that teaches both children and adults how to be proactive when confronted by bullying. a530 bLexile  aM bRaz-Plus  0aBullyingvJuvenile fiction. 0aBullyingxPreventionvJuvenile fiction. 0aPicture books for children.1 aDufalla, Anitaeillustrator a7bcbcccopycatd2eepcnf20gy-gencatlg 2ddccBKn0 c1620d1620 00102ddc40708JUVFa001b001cTTPd2023-09-11l5oCOO Fic PZ7.C76982pFIS04932r2024-04-08 15:37:56s2024-03-19w2023-09-11yBK